Policy issues in the evolving international monetary system (Record no. 82017)
[ view plain ]
| 000 -LEADER | |
|---|---|
| fixed length control field | 00767nam a2200193 a 4500 |
| 008 - FIXED-LENGTH DATA ELEMENTS--GENERAL INFORMATION | |
| fixed length control field | 120416s1992 xx |||||||||||||| || u |
| 020 ## - INTERNATIONAL STANDARD BOOK NUMBER | |
| International Standard Book Number | 1557752346 |
| 050 ## - LIBRARY OF CONGRESS CALL NUMBER | |
| Classification number | IMF(08) |
| 100 ## - MAIN ENTRY--PERSONAL NAME | |
| Personal name | Goldstein, Morris |
| 245 10 - TITLE STATEMENT | |
| Title | Policy issues in the evolving international monetary system |
| 260 ## - PUBLICATION, DISTRIBUTION, ETC. | |
| Place of publication, distribution, etc. | |
| Name of publisher, distributor, etc. | IMF |
| Date of publication, distribution, etc. | 1992 |
| 300 ## - PHYSICAL DESCRIPTION | |
| Extent | vii, 74p. : ill. |
| 350 ## - | |
| -- | 0.00 |
| 650 ## - SUBJECT ADDED ENTRY--TOPICAL TERM | |
| Topical term or geographic name entry element | INTERNATIONAL FINANCE |
| 650 ## - SUBJECT ADDED ENTRY--TOPICAL TERM | |
| Topical term or geographic name entry element | MONETARY POLICY |
| 650 ## - SUBJECT ADDED ENTRY--TOPICAL TERM | |
| Topical term or geographic name entry element | FISCAL POLICY |
| 995 ## - | |
| -- | SPECIAL COLLECTIONS |
| -- | 0.00 |
| -- | 024777 |
| -- | CBU-MAIN LIBRARY (Kitwe) |
| -- | 1 |
| -- | 0.00 |
| -- | IMF(08)OP/ 96B |
| -- | 2 |
| -- | AVAILABLE |
| -- | Apr 8, 2008 |
| -- | 024777 |
| -- | International Publications |
| 995 ## - | |
| -- | SPECIAL COLLECTIONS |
| -- | 0.00 |
| -- | 024776 |
| -- | CBU-MAIN LIBRARY (Kitwe) |
| -- | 1 |
| -- | 15.00 |
| -- | IMF(08)OP/ 96A |
| -- | 1 |
| -- | AVAILABLE |
| -- | 024776 |
| -- | International Publications |
| 999 ## - | |
| -- | 82017 |
| -- | 82017 |
| Withdrawn status | Lost status | Source of classification or shelving scheme | Damaged status | Not for loan | Permanent Location | Current Location | Shelving location | Date acquired | Total Checkouts | Full call number | Barcode | Date last seen | Copy number | Price effective from | Koha item type |
|---|---|---|---|---|---|---|---|---|---|---|---|---|---|---|---|
| CBU-MAIN LIBRARY, KITWE. | CBU-MAIN LIBRARY, KITWE. | 09/12/2023 | IMF(08)OP/ 96B | 024777 | 09/12/2023 | 1 | 09/12/2023 | SPECIAL COLLECTION | |||||||
| CBU-MAIN LIBRARY, KITWE. | CBU-MAIN LIBRARY, KITWE. | 09/12/2023 | IMF(08)OP/ 96A | 024776 | 09/12/2023 | 2 | 09/12/2023 | SPECIAL COLLECTION |